Statistics for How quickly can you type the numbers 1-100?

Click here to take the quiz!

General Stats

  • This quiz has been taken 148 times
  • The average score is 76 of 100

Answer Stats

Answer % Correct
1
100%
2
100%
3
98%
4
98%
5
98%
6
98%
7
98%
8
98%
9
98%
10
97%
11
97%
18
93%
15
93%
16
93%
21
92%
19
92%
20
92%
14
92%
12
92%
17
90%
13
90%
22
88%
23
88%
31
86%
25
86%
27
86%
29
86%
33
85%
32
85%
28
85%
30
85%
24
85%
26
83%
34
83%
41
83%
45
83%
44
81%
43
81%
51
81%
40
80%
50
80%
63
80%
56
80%
39
80%
54
80%
35
80%
55
80%
38
80%
47
80%
46
80%
42
80%
36
80%
37
80%
61
78%
62
78%
48
78%
57
78%
53
78%
52
78%
58
76%
49
76%
60
76%
65
76%
66
76%
59
75%
69
75%
64
73%
67
73%
68
73%
70
71%
71
69%
72
68%
74
68%
75
68%
76
68%
73
66%
77
64%
78
64%
79
63%
80
61%
81
56%
88
56%
85
54%
91
53%
87
53%
95
51%
93
51%
90
51%
86
51%
89
51%
84
51%
92
49%
83
49%
94
49%
82
49%
96
47%
98
46%
97
44%
99
41%
100
37%

Score Distribution

Percentile by Number Answered

Percent of People with Each Score

Your Score History

You have not taken this quiz